000 00794nam a2200229 a 4500
001 46065
003 BD-RjUL
005 20211209054114.0
008 160730s1952 enk b 001 0 eng d
035 _a(BD-RjUL)46183
040 _aTLM
_dm.c
_dBD-RjUL
_beng
_cBD-RjUL
041 _aeng
082 _223
_a338.942
_bPRO 1952
245 0 0 _aProblems of nationalized industry /
_cedited by William A. Robson.
260 _aLondon :
_bGeorge Allen & Unwin,
_cc1952.
300 _a390 p. ;
_c23 cm.
504 _aIncludes bibliographical references (p.[369]-380) and indexes.
650 0 _aIndustrial policy
_zGreat Britain.
_9138958
650 0 _aIndustries
_xGovernment ownership
_zGreat Britain.
_9140817
700 1 _aRobson, William A.
_q(William Alexander),
_d1895-1980.
_9139064
942 _2ddc
_cBK
999 _c46065
_d46065